00491nam a2200205Ia 4500003000400000005001700004008004100021020002200062040000700084041000800091082001700099100001900116245004900135250000600184260003000190300001700220365001400237650001300251650002100264OSt20230509151211.0210423s2009 xx 000 0 und d a978-81-312-1951-5 cAL aeng a616.075 WUAT aWU (Alan H B ) aTietz clinical guide to laboratory tests Ed4 a4 aMIissouribSaundersc2009 ali,1798pbHB b1445cINR aDiseases aMedical Sciences